| 000 | 00460cam a2200193ua 4500 | ||
|---|---|---|---|
| 020 | _c12.75 | ||
| 041 |
_aeng _h |
||
| 082 |
_a631.372 _bROD/TR |
||
| 100 | _aRodichev, V . | ||
| 245 |
_aTractors and automobiles / _cV Rodichev. _hTextual Documents |
||
| 250 |
_a1 / _b. |
||
| 260 |
_aMoscow : _bMir publishers , _c1984. |
||
| 300 | _a301 ; . | ||
| 365 | _a12.75 | ||
| 504 | _a | ||
| 700 | 1 | _aRodicheva, G . | |
| 942 | _cBK | ||
| 999 |
_c7314 _d7314 |
||